000 00705nam a22002417a 4500
003 UA-OsUOA
001 22008
007 ta
008 20031216b un ||||| |||| 00| 0 ukr d
090 _a008(477)
_bК90
942 _cBK
040 _aUA-OsUOA
_brus
_cUA-OsUOA
_dUA-OsUOA
245 _aКультурные и общественные связи Украины со странами Европы
_bСборник научных трудов
_cРед. Н.Н.Варварцев
300 _a224 с.
955 _a0
041 _arus
080 _a008(477)
020 _a5-12-001233-7
260 _aКиев
_bНаукова думка
_c1990
044 _aRU
650 7 _2UDC
999 _c308219
_d308219